000 00370nam a2200109Ia 4500
008 171204s9999 xx 000 0 und d
245 _aUnity and Fragmentation in Psychology: The Philosophical and Methodological Roots of the Discipline
245 _cNicolò Gaj
260 _c2016
650 _xGENERAL PSYCHOLOGY
856 _uhttp://down.ebook777.com/047/1138118915.pdf
999 _c346435
_d346435